Normal view
MARC view
- مريم ، ناصرى
Entry Personal Name
001 - CONTROL NUMBER
- control field: 34152
003 - CONTROL NUMBER IDENTIFIER
- control field: JO-AjAnu
005 - DATE AND TIME OF LATEST TRANSACTION
- control field: 20230606075725.0
008 - FIXED-LENGTH DATA ELEMENTS
- fixed length control field: 230606|| aca||aabn | a|a d
040 ## - CATALOGING SOURCE
- Original cataloging agency: JO-AjAnu
- Transcribing agency: JO-AjAnu
100 ## - HEADING--PERSONAL NAME
- Personal name: مريم ، ناصرى
670 ## - SOURCE DATA FOUND
- Source citation: Work cat.: (JO-AjAnu)17539: مريم ، ناصرى , author, فعالية العقاب على الانتهاكات الجسيمة لقواعد القانون الدولى الإنساني